Global Slavery Index by Country - Statistics

General Stats
  • This quiz has been taken 67 times
  • The average score is 13 of 22
Answer Stats
Rate Country % Correct
13 Afghanistan
81%
104.6 North Korea
79%
21.30 Saudi Arabia
79%
10.60 Pakistan
78%
13 Russia
76%
13.40 United Arab Emirates
76%
32 Mauritania
73%
13 Kuwait
67%
14 Tajikistan
65%
10 Jordan
63%
11.90 Turkmenistan
62%
10.30 South Sudan
60%
90.30 Eritrea
59%
12.10 Myanmar
57%
12.80 Ukraine
57%
11.10 Kazakhstan
56%
15.60 Turkey
54%
10.60 Azerbaijan
46%
10.30 Papua New Guinea
25%
11.80 Albania
24%
10.10 Bosnia and Herzegovina
21%
12.60 North Macedonia
11%
No matching quizzes found
Score Distribution
Percent of People with Each Score
Percentile by Number Answered
Your Score History
You have not taken this quiz